00993cam a22002774a 450000100060000000300100000600500170001600800410003302000150007402000180008903500140010704000190012108200260014010000290016624500830019526000500027830000350032850400640036365000270042765000320045465000300048665000480051694200120056499900170057695201220059337872(BD-RjUL)20211209052659.0040922s2005 nyua b 001 0 eng  a0070677484 a9780070677487 a(BD-RjUL) aDLCc(BD-RjUL)00a004.6/8222bAGM 20051 aAggelou, George.911734310aMobile ad hoc networks :bfrom wireless LANs to 4G networks /cGeorge Aggelou. aNew Delhi, India :bTata McGraw-Hill,cc2005. axvii, 475 p. :bill. ;c23 cm. aIncludes bibliographical references (p. 441-457) and index. 0aWireless LANs.9117344 0aWireless Internet.9117345 0aMobile computing.9117346 0aAd hoc networks (Computer networks)9117347 2ddccBK c37872d37872 00102ddc4071aICEbICEcSeminar Libraryd2015-08-04l0o004.6/8 AGM 2005r2015-08-04 00:00:00tC-1w2021-12-09yBK